| 000 | 00717nam a2200193Ii 4500 | ||
|---|---|---|---|
| 003 | JO-AjNU | ||
| 008 | 230605s9999||||xx |||||||||||||| ||und|| | ||
| 040 |
_aJO-AjNU _bara _erda _cJO-AjNU |
||
| 041 | _aara | ||
| 050 | 1 | 4 | _aLB1049.S4 |
| 100 | 3 |
_aشعلان، محمد سليمان مؤلف/جادالله،سعاد م.مشارك/رضوان،محمد محمود م.مشارك, _eauthor _938393 |
|
| 245 | 0 | 0 | _aإتجاهات في أصول التدريس بمدرسة التعليم الأساسي |
| 264 | 3 | 1 | _aدار الفكر العربي |
| 300 | _a264ص | ||
| 336 |
_atext _btxt _2rdacontent |
||
| 337 |
_aunmediated _bn _2rdamedia |
||
| 338 |
_avolume _bnc _2rdacarrier |
||
| 650 | 4 |
_aطرق تدريس _938394 |
|
| 999 |
_aA16127 _c19695 _d19695 |
||